00349nam a22001097a 4500020000800000040001600008082001600024100001600040245008800056260003900144300005600183 qHB. cFIZZA ISHAQ a091.09bDEU aDeuel, Leo. aTestaments of Time: The Search for Lost Manuscripts and Records 1966 /c Leo Deuel. aNew York:bAlfred A. Knopf,c1965. a xxxii ; 590 P. : illustrations ; index inc,c24 cm